000
00349nam a2200145Ia 4500
008
260223s2022 xx 000 0 und d
020
_a
9789383290437
041
_a
eng
082
_a
613.2/SAN
100
_a
Rahane Sanjay
245
_a
A Text Book Of Nutrition
260
_a
B.S.B. Pune
_b
PV, Pub
_c
2022
300
_a
270P
650
_a
Nutrition
999
_c
1216416
_d
1216416